Implementación del sistema ARSST en el laboratorio de la Escuela de Ingeniería Química de la Universidad de Costa Rica

Збережено в:
Бібліографічні деталі
Автор: Chaves Corrales, Jorge
Формат: Книга
Опубліковано: San José, C.R. 2004
Предмети:
Теги: Додати тег
Немає тегів, Будьте першим, хто поставить тег для цього запису!

MARC

LEADER 00000nam a2200000Ia 4500
003 009285
005 20221231144141.0
008 140114s2004 cr a m 000 ||s d
040 |c cru CEDI 
090 |a TFG 4824 
100 |a Chaves Corrales, Jorge  |9 6603 
245 |a Implementación del sistema ARSST en el laboratorio de la Escuela de Ingeniería Química de la Universidad de Costa Rica  
260 |c 2004  |a  San José, C.R. 
300 |a  vii, 119 páginas : ilustraciones (algunas color)  
500 |a  Proyecto de graduación (licenciatura en ingeniería química)--Universidad de Costa Rica. Facultad de Ingeniería. Escuela de Ingeniería Química 
650 |x REACCIONES QUIMICAS   |x  CLASIFICACION   |x CALORIMETRIA   |x REACTORES QUIMICOS  |9 6604 
942 |c TFG 
999 |c 17609  |d 17609